[Event "Bader Memorial op"]
[Site "Heves"]
[Date "2009.03.28"]
[Round "4"]
[White "Hever, Janos"]
[Black "Szabo, Jozsef K"]
[Result "1/2-1/2"]
[WhiteElo "1841"]
[BlackElo "1830"]
[PlyCount "104"]
[EventDate "2009.03.26"]
[EventType "swiss"]
[EventRounds "7"]
[EventCountry "HUN"]
[SourceTitle "EXT 2011"]
[Source "ChessBase"]
[SourceDate "2010.11.26"]
[SourceVersion "1"]
[SourceVersionDate "2010.11.26"]
[SourceQuality "1"]

1. d4 Nf6 2. Bf4 e6 3. e3 d5 4. a3 Bd6 5. Bxd6 Qxd6 6. Bd3 0-0 7. Nf3 Nbd7 8. 0-0 Re8 9. c4 c6 10. h3 a6 11. Re1 Qc7 12. Nbd2 e5 13. dxe5 Nxe5 14. Nxe5 Qxe5 15. Qc2 Be6 16. Nf3 Qh5 17. Nd4 dxc4 18. Bxc4 Bxc4 19. Qxc4 Rad8 20. Qb3 Rd7 21. Rad1 Red8 22. Nf3 Qf5 23. Rxd7 Rxd7 24. Rd1 Rxd1+ 25. Qxd1 Qd7 26. Qc2 Qd5 27. Qa4 h6 28. Qh4 Qd7 29. Ne5 Qc7 30. Nd3 b6 31. Qa4 a5 32. Qd4 Qd7 33. Qc3 Nd5 34. Qc2 c5 35. Qc4 Qe6 36. Qb5 Nc7 37. Qa4 Qe8 38. Qf4 Ne6 39. Qd6 Qd8 40. Qxd8+ Nxd8 41. Nf4 Ne6 42. Nd5 b5 43. Kf1 Kf8 44. Ke2 Ke8 45. Kd3 Kd7 46. f4 Kd6 47. Nc3 b4 48. axb4 axb4 49. Ne4+ Kd5 50. Nd2 f5 51. b3 g5 52. g3 Nc7 1/2-1/2